Statistics for All Real Madrid Players to be on the Ballon d'or Top 10 - 21st Century

Click here to take the quiz!

General Stats

  • This quiz has been taken 89 times
  • The average score is 17 of 23

Answer Stats

Year(s)Player% Correct
2009-2018Cristiano Ronaldo
100%
2017, 2018, 2022Luka Modrić
100%
2002Ronaldo
100%
2021, 2022Karim Benzema
99%
2017Sergio Ramos
91%
2014Toni Kroos
91%
2022Vinícius Júnior
89%
2013, 2016Gareth Bale
86%
2008, 2010, 2011, 2012Iker Casillas
85%
2000, 2001Luís Figo
82%
2009Kaká
78%
2001, 2002, 2003, 2006Zinedine Zidane
78%
2000, 2001, 2002, 2003Raúl González
77%
2022Thibaut Courtois
77%
2006Fabio Cannavaro
72%
2003David Beckham
69%
2018Raphaël Varane
65%
2002, 2003Roberto Carlos
64%
2016Pepe
61%
2010Xabi Alonso
58%
2014James Rodríguez
43%
2007Ruud van Nistelrooy
41%
2007Robinho
27%

Score Distribution

Percentile by Number Answered

Percent of People with Each Score

Your Score History

You have not taken this quiz